| 000 | 00599nam a2200205Ia 4500 | ||
|---|---|---|---|
| 003 | OSt | ||
| 005 | 20250201125243.0 | ||
| 008 | 210210b1948 xxu||||| |||| 00| 0 eng d | ||
| 040 | _cAL | ||
| 041 | _aKannada | ||
| 082 | _a851/426 | ||
| 100 |
_aVIRABHADRA NRAPALA _dವೀರಭದ್ರ ನೃಪಾಲ _9197000 |
||
| 245 |
_aDrakshi dalimbe _bದ್ರಾಕ್ಷಿ ದಾಳಿ೦ಬೆ |
||
| 260 |
_aBengaluru _bSatyashodhana Prakatana Mandira _c1948 |
||
| 650 |
_aDrakshi _9197001 |
||
| 650 |
_adalimbe _9197002 |
||
| 690 |
_aKannada Poetry _9197003 |
||
| 906 | _a018443 | ||
| 942 |
_2ddc _cBK |
||
| 999 |
_c141907 _d141907 |
||